000 00860nmm a2200265 a 4500
001 ocm0001256945
003 TR-IsHL
005 20201028160728.0
008 160715s2015 tu tur
007 cr cn
035 _a1256945
_b(N$T)
050 0 4 _aPZ3
_b.A558 2015
090 0 4 _aPZ3
_b.A558 2015
100 1 _aAndreyev, Leonid
245 1 0 _aLazarus
_h[electronic resource] /
_cLeonid Andreyev ; çeviri Özcan Perska
260 _aİstanbul :
_bKafekültür Yayıncılık,
_c2015
300 _a66 p.
650 4 _aDil ve Edebiyat
650 4 _aLanguage and Literature
650 0 _aRus hikayeleri
650 0 _aRussian stories
650 7 _aLITERARY COLLECTIONS / Russian & Former Soviet Union
_2bisacsh
700 1 _aPerska, Özcan
856 4 0 _uhttp://search.ebscohost.com/login.aspx?direct=true&scope=site&db=e011xww&AN=1256945
999 _c13753
_d13753